[Event "Uxbridge op Major"]
[Site "Uxbridge"]
[Date "2010.03.20"]
[Round "3"]
[White "Liu, Tomin"]
[Black "Price, Michael C"]
[Result "1-0"]
[WhiteElo "1818"]
[BlackElo "1906"]
[PlyCount "99"]
[EventDate "2010.03.19"]
[EventType "swiss"]
[EventRounds "5"]
[EventCountry "ENG"]
[SourceTitle "EXT 2012"]
[Source "ChessBase"]
[SourceDate "2011.11.24"]
[SourceVersion "1"]
[SourceVersionDate "2011.11.24"]
[SourceQuality "1"]

1. d4 d5 2. c4 c6 3. Nc3 a6 4. cxd5 cxd5 5. Nf3 Nc6 6. e3 Nf6 7. Bd3 e6 8. a3 Bd6 9. 0-0 0-0 10. b4 b5 11. Bb2 Bb7 12. Rc1 Rc8 13. Re1 Bb8 14. Bb1 e5 15. dxe5 Nxe5 16. Nxe5 Bxe5 17. Qd2 Rc4 18. Ne2 Bxh2+ 19. Kxh2 Ng4+ 20. Kg3 Nxe3 21. fxe3 Qh4+ 22. Kf3 Re8 23. Nd4 h5 24. Rh1 Qg4+ 25. Kf2 h4 26. Rh3 Rec8 27. Rch1 g5 28. Qd3 Qh5 29. Nf5 R8c7 30. Nd6 g4 31. Nxc4 gxh3 32. Rxh3 bxc4 33. Qd4 f6 34. Rxh4 Qf7 35. Qg4+ Qg7 36. Bxf6 Qxg4 37. Rxg4+ Kf8 38. Rf4 Ke8 39. Bg6+ Kd7 40. Be5 Rc6 41. Bf5+ Ke7 42. g4 c3 43. Bc2 Ke6 44. Bd4 Rc7 45. g5 Bc6 46. g6 Be8 47. g7 Bf7 48. Ke2 Bg8 49. Rf8 Bh7 50. Bxh7 1-0

[Event "Uxbridge op Major"]
[Site "Uxbridge"]
[Date "2010.03.19"]
[Round "1"]
[White "Liu, Tomin"]
[Black "Jeffries, Majid"]
[Result "0-1"]
[WhiteElo "1818"]
[BlackElo "1995"]
[PlyCount "98"]
[EventDate "2010.03.19"]
[EventType "swiss"]
[EventRounds "5"]
[EventCountry "ENG"]
[SourceTitle "EXT 2012"]
[Source "ChessBase"]
[SourceDate "2011.11.24"]
[SourceVersion "1"]
[SourceVersionDate "2011.11.24"]
[SourceQuality "1"]

1. d4 Nf6 2. Nf3 e6 3. Bg5 d5 4. e3 Nbd7 5. Bd3 c5 6. c3 Qb6 7. Qc2 Bd6 8. Nbd2 h6 9. Bh4 Qc7 10. Bg3 0-0 11. 0-0 b6 12. Rfe1 Bb7 13. Rac1 c4 14. Bf1 b5 15. Qb1 Bxg3 16. hxg3 Rfe8 17. b4 Ne4 18. Nxe4 dxe4 19. Nd2 Nf6 20. Qc2 Qc6 21. a4 a6 22. Ra1 Qd5 23. Ra3 Qf5 24. Be2 e5 25. Nf1 Bc6 26. axb5 axb5 27. Rea1 Rxa3 28. Rxa3 Qg5 29. Ra2 Nd5 30. Qd2 exd4 31. Qxd4 Rd8 32. Rd2 f5 33. Qe5 Qf6 34. Qxf6 gxf6 35. f3 Ra8 36. fxe4 fxe4 37. Bg4 Kf7 38. Bf5 Nxc3 39. Rd6 Bd5 40. Rd7+ Kf8 41. Rd6 Ra1 42. Kf2 Ke7 43. Rd7+ Ke8 44. Rd6 Ra2+ 45. Kg1 Rb2 46. Rxf6 Ne2+ 47. Kh2 c3 48. Rxh6 c2 49. Rh8+ Ke7 0-1